Russkaja paleografija (Titelsatznr. 4351)
[ MARC ]
| 000 -Satzkennung | |
|---|---|
| Kontrollfeld mit fester Länge | 00399nam a22001691c 4500 |
| 001 - Kontrollnummer | |
| Kontrollfeld | a74743 |
| 008 - Feld mit fester Länge zur physischen Beschreibung - Allgemeine Angaben | |
| Kontrollfeld mit fester Länge | 051024s1982 gw |||| 000u rus d |
| 041 ## - Sprachcode | |
| Sprachcode des Textes/der Tonspur oder des separaten Titels | rus |
| 040 ## - Katalogisierungsquelle | |
| Übertragungsstelle | RU-10907106 |
| 003 - Kontrollnummer Identifier | |
| Kontrollfeld | RU-10907106 |
| 100 1# - Haupteintragung - Personenname | |
| Personenname | Tichomirov, Michail N. |
| 245 00 - Titel | |
| Titel | Russkaja paleografija |
| 250 ## - Ausgabebezeichnung | |
| Ausgabebezeichnung | Izd. 2-e, dopoln. |
| 264 ## - Produktion, Veröffentlichung, Distribution, Herstellung und Urheberrechtsvermerk | |
| Herstellungs-, Veröffentlichungs- Vertriebs-, Erzeugungsort | Moskau : |
| Produzent, Herausgeber, Distributor, Hersteller | Vysšaja Škola, |
| Datum der Herstellung, der Veröffentlichung, des Vertriebs oder des Urheberschutzvermerks | 1982 |
| 300 ## - Physische Beschreibung | |
| Umfang | 200 S. |
| 942 ## - Zusätzliche Felder (Koha) | |
| Koha-Medientyp | Monographien |
| Ausgeschieden | Verloren | Klassifikation oder Aufstellungssystematik | Beschädigt | Nicht entleihbar | Heimatbibliothek | Aufenthaltsbibliothek | Aufstellungsort | Erwerbungsdatum | Inventarnummer | Signatur | Barcode | Letzte Aktivität | Letzte Ausleihe | Preis gültig von | Koha-Medientyp |
|---|---|---|---|---|---|---|---|---|---|---|---|---|---|---|---|
| Andere/Generische Klassifikation | MWN Osteuropa | MWN Osteuropa | Lesesaal - 1 | 24/10/2005 | 05-07024 | G 30 a 210 | E004015073CA6817 | 05/04/2023 | 18/02/2022 | 22/03/2021 | Monographien |